Provinces of the Ostrogothic Kingdom on a Map - Statistics

General Stats
  • This quiz has been taken 69 times
  • The average score is 7 of 20
Answers on the Map
Answers color-coded by a green-red scale on the quiz's map according to % correct below.
 
Answer Stats
Answer % Correct
Sicilia
91%
Dalmatia
83%
Tuscania et Umbria
83%
Apulia et Calabria
74%
Liguria
72%
Campania
53%
Venetia et Histria
42%
Bruttia et Lucania
28%
Provincia
17%
Samnium
17%
Valeria
17%
Aemilia
15%
Flaminia et Picenum
15%
Raetia I
15%
Alpes Cottiae
13%
Pannonia I
11%
Pannonia II
11%
Noricum Mediterraneum
9%
Picenum Suburbicarium
8%
Savia
8%
No matching quizzes found
Score Distribution
Percent of People with Each Score
Percentile by Number Answered
Your Score History
You have not taken this quiz